|
|
|
|
| LEADER |
00000nab a2200000uu 4500 |
| 001 |
vtls010892978 |
| 003 |
SK-MaSNL |
| 005 |
20260304000232.0 |
| 008 |
230222|2012 xo |||||||||||||||||eng| |
| 015 |
|
|
|a SNBRB
|
| 035 |
|
|
|a (urnnbn)urn:nbn:sk:snk:ar-0069w9
|
| 035 |
|
|
|a (uuid)41ace4aa-4ec9-4652-b307-4d995cc5205b
|
| 035 |
|
|
|a urn:nbn:sk:snk-ab8meb
|
| 040 |
|
|
|a SNKBUCL
|b slo
|c SNKBUCL
|e AACR2
|
| 041 |
0 |
|
|a eng
|
| 044 |
|
|
|a xo
|c SK
|
| 100 |
1 |
|
|a Boulal, A.
|4 aut
|9 1275553
|
| 245 |
1 |
0 |
|a GENERALIZED WARPED PRODUCT MANIFOLDS AND BIHARMONIC MAPS
|c A. Boulal, A. Zagane, N. E. H. Djaa
|
| 700 |
1 |
|
|a Zagane, A.
|4 aut
|9 1275554
|
| 700 |
1 |
|
|a Djaa, N. E. H.
|4 aut
|9 1275555
|
| 773 |
0 |
|
|t Acta mathematica Universitatis Comenianae
|g Roč. 81, č. 2 (2012), s. 283-298
|
| 958 |
|
|
|a OND
|
| 958 |
|
|
|a EUIPO
|
| 958 |
|
|
|a article10
|
| 999 |
|
|
|c 2530331
|d 2532261
|